| 000 | 00496nam a2200169Ia 4500 | ||
|---|---|---|---|
| 008 | 140925s9999 xx 000 0 und d | ||
| 020 | _a2305-1825 | ||
| 245 |
_aJournal of Business and Finance / _h[electronic resource] |
||
| 260 |
_bESci Journals Publishing, _cc2012. |
||
| 516 | _aElectronic text | ||
| 650 | _aBusiness. | ||
| 650 | _aFinancial Management. | ||
| 830 | _aESci Journals Publishing | ||
| 856 | _uhttp://escijournals.net/JBF | ||
| 942 | _cEJ | ||
| 999 |
_c275654 _d275654 |
||